[Event "Bad Woerishofen op"]
[Site "Bad Woerishofen"]
[Date "2001.??.??"]
[Round "9"]
[White "Eschle, Hubert"]
[Black "Fries, Werner"]
[Result "1/2-1/2"]
[WhiteElo "1875"]
[BlackElo "1652"]
[Annotator "ChessOrg"]
[PlyCount "34"]
[EventDate "1998.03.05"]
[Source "ChessBase"]
[SourceDate "1998.04.29"]

1. e4 {B18: Caro-Kann (Hauptvariante)} 1... c6 2. d4 d5 3. Nc3 dxe4 4. Nxe4 Bf5
5. Ng3 Bg6 6. Nf3 Nf6 7. Bc4 e6 8. O-O Be7 9. Qe2 Nbd7 10. Bb3 {letzter Buchzug
} 10... Qc7 11. c4 O-O (11... O-O-O 12. Rd1 $11) 12. Bd2 (12. Nh4 12... Bd6 $16
) 12... Bd6 13. Rae1 Rae8 (13... c5 14. Rd1 $11) 14. Ne5 $14 14... b6 15. Bc3
c5 16. dxc5 Nxc5 17. Bc2 (17. Nxg6 fxg6 18. Bc2 18... e5 $14) 17... Bxc2
1/2-1/2

[Event "Bad Woerishofen op"]
[Site "?"]
[Date "2001.??.??"]
[Round "1"]
[White "Fabian, Laszlo"]
[Black "Oberhofer, Max"]
[Result "0-1"]
[WhiteElo "1800"]
[BlackElo "2219"]
[Annotator "ChessOrg"]
[PlyCount "118"]
[EventDate "2000.??.??"]

1. e4 {B02: Aljechin-Verteidigung (Jagdvariante)} 1... Nf6 2. Nc3 d5 3. exd5
Nxd5 4. Bc4 e6 5. Nf3 Be7 6. d3 {letzter Buchzug} 6... O-O (6... Nxc3 7. bxc3
Bf6 8. d4 $11) 7. a3 c5 8. O-O Nc6 9. Re1 a6 10. Ba2 Nxc3 11. bxc3 Bf6 12. Bb2
Qb6 (12... b5 13. Nd2 $11) 13. Rb1 $14 13... Rd8 14. Nd2 Qc7 15. Ne4 Be7 16.
Qh5 Qf4 17. Re3 (17. Nxc5 $2 17... g6 18. Bc1 Qxc1 19. Rbxc1 19... gxh5 $19)
17... g6 18. Qe2 b5 19. Bc1 Bb7 20. Rf3 Qe5 21. Bf4 Qg7 22. Rg3 Rd7 23. Qe3 Rc8
24. Bh6 Qe5 (24... Qh8 25. Bg5 $11 (25. Nxc5 Bxc5 26. Qxc5 Nd4 27. Qxc8+ Bxc8
28. cxd4 28... Qxd4 $19 (28... Rxd4 $6 29. Bc1 $11))) 25. f4 Qh8 26. Bg5 (26.
Nxc5 $143 26... Bxc5 27. Qxc5 27... Nd4 $19) 26... Nd8 27. Bxe7 Rxe7 28. Nd6 (
28. Nxc5 $143 28... Qxc3 29. Nxb7 Qxc2 30. Nxd8 30... Qxa2 $17) 28... Rcc7 29.
Nxb7 Nxb7 30. c4 Nd6 31. Rg5 (31. cxb5 axb5 32. Qe5 32... Nf5 $11) 31... Nf5
32. Qf2 h6 33. Rg4 Qc3 34. cxb5 (34. Bb3 34... Qd4 $15) 34... axb5 $17 35. Re1
(35. a4 bxa4 36. Qe2 36... Rb7 $19) 35... Kh7 36. h4 (36. a4 $5 36... bxa4 37.
Kh1 $19) 36... h5 37. Rg5 f6 38. Rxf5 exf5 (38... gxf5 $6 39. Bxe6 Kh6 40. Re2
$17) 39. Rb1 Qxa3 40. Bd5 b4 41. Bc4 Qc3 42. Kh2 42... Qa3 $4 (42... Rc8 43.
Kg3 $19) 43. Qf3 $4 (43. Kg1 Rc8 44. Bb3 $19) 43... Qa7 44. Qd5 Rc8 45. Rf1 Qc7
46. Qf3 Rce8 47. Ra1 Re3 48. Qf2 (48. Qf1 Re2 49. Ra6 49... Re1 $19) 48... Re2
49. Qf1 Rxc2 50. Qf3 (50. Ra2 Rxa2 51. Bxa2 51... Qe7 $19) 50... Rce2 (50...
Ree2 $142 51. Kh3 Rxg2 52. Qxg2 Rxg2 53. Kxg2 Qxf4 54. Rh1 $19) 51. Ra6 R8e3
52. Qf1 Kg7 53. d4 (53. Ra2 Re1 54. Qf2 54... g5 $19) 53... Re1 54. Qf2 cxd4
55. Bd5 (55. Bb5 $19) 55... Qc1 56. Ra7+ Kh6 57. Bf3 b3 (57... Rf1 $142 58. Rc7
Qb1 59. Qxf1 Qxf1 60. Rc2 $19) 58. Rb7 (58. g3 Rf1 59. Qg2 59... Rexf3 $19)
58... Rf1 59. Rc7 Rh1+ (59... Rh1+ 60. Kg3 g5 61. fxg5+ fxg5 62. hxg5+ Kxg5 63.
Rg7+ Kf6 64. Rf7+ Kxf7 65. Qxe3 h4+ 66. Kf4 Qxe3+ 67. Kxf5 Qe6+ 68. Kf4 Kf6 69.
Be4 Rf1+ 70. Bf3 Qf5#) 0-1

[Event "Bad Woerishofen op"]
[Site "Bad Woerishofen"]
[Date "2001.??.??"]
[Round "3"]
[White "Fabian, Laszlo"]
[Black "Schenfeld, Waldemar"]
[Result "1-0"]
[WhiteElo "1800"]
[BlackElo "1431"]
[Annotator "ChessOrg"]
[PlyCount "57"]
[EventDate "1998.03.05"]
[Source "ChessBase"]
[SourceDate "1998.04.29"]

1. e4 {C00: Franzoesische Verteidigung (Seltene Zuege)} 1... e6 2. f4 d5 3. e5
3... g6 {letzter Buchzug} 4. Nf3 Bg7 5. d4 Nd7 6. c3 Ne7 7. Na3 a6 8. Be3 b6 9.
Qd2 Bb7 10. Bf2 c5 11. Nc2 Rc8 12. g3 O-O 13. h4 h5 14. Bh3 Nf5 (14... cxd4 $5
15. Ncxd4 15... Nc5 $11) 15. g4 $14 15... hxg4 16. Bxg4 Nh6 17. Bh3 Re8 18.
O-O-O Nf8 (18... cxd4 19. Bxd4 b5 20. h5 $16) 19. Kb1 c4 (19... Nd7 $5 $16 $142
) 20. Rdg1 b5 21. h5 Ra8 22. Bh4 Qc7 (22... Qb6 23. hxg6 fxg6 24. Bf6 $18) 23.
Ne3 (23. Bf6 $5 23... b4 24. hxg6 24... Nxg6 $18) 23... a5 24. f5 24... Nxf5 $2
(24... exf5 $142 25. Bg5 25... b4 $18) 25. Bxf5 exf5 26. Nxf5 $1 26... Bc8 (
26... gxf5 27. h6 $18) 27. Nxg7 Kxg7 (27... b4 28. hxg6 28... fxg6 $18) 28.
Bf6+ Kg8 29. Qh6 (29. Qh6 Bf5+ 30. Ka1 Rxe5 31. Qg7#) 1-0

[Event "Bad Woerishofen op"]
[Site "Bad Woerishofen"]
[Date "2001.??.??"]
[Round "5"]
[White "Fabian, Laszlo"]
[Black "Pohlers, Juergen"]
[Result "0-1"]
[WhiteElo "1800"]
[BlackElo "2129"]
[Annotator "ChessOrg"]
[PlyCount "86"]
[EventDate "1998.03.05"]
[Source "ChessBase"]
[SourceDate "1998.04.29"]

1. e4 {B32: Sizilianisch (Loewenthal-Variante)} 1... c5 2. Nf3 Nc6 3. d4 cxd4
4. Nxd4 e5 5. Nf3 Nf6 6. Nc3 Bb4 7. Bd3 {letzter Buchzug} 7... d5 8. exd5 Nxd5
9. Bd2 Nxc3 10. bxc3 Be7 11. O-O Be6 12. Bb5 Qc7 13. Qe2 f6 14. Nd4 Bd7 (14...
exd4 $143 15. Qxe6 Rd8 16. Rad1 $14) 15. Bxc6 (15. Nxc6 bxc6 16. Bc4 16... Bf5
$11) 15... bxc6 $15 (15... Bxc6 $143 16. Ne6 (16. Nxc6 $143 16... Qxc6 17. f4
17... e4 $15) 16... Qd7 17. Nxg7+ Kf7 18. Bh6 $16) 16. Nb3 Be6 17. c4 O-O 18.
f4 Rae8 19. f5 Bc8 20. c5 Qd7 (20... Rd8 21. Qe3 Qb7 22. Ba5 $15) 21. Rad1 $11
21... Qb7 22. Kh1 Qa6 23. Qe4 Rd8 (23... Qxa2 $2 24. Ra1 Qb2 25. Rfb1 Qxb1+ 26.
Rxb1 $18) 24. Bc3 Rd5 (24... Qxa2 $4 25. Ra1 Qxa1 26. Rxa1 $18) 25. Rde1 (25.
Bd2 Rfd8 (25... Qxa2 $143 26. Ra1 Qb2 27. Rfb1 $18) 26. Rfe1 Bxc5 27. Nxc5
27... Rxc5 $17) 25... Rfd8 (25... Bxc5 26. Ba1 Qxa2 27. Rb1 $19) 26. a4 (26.
Ba5 26... R8d7 $17) 26... Bxc5 $19 27. h3 Bf8 28. Nc1 (28. Rb1 $19) 28... Rc5
29. Rf3 Rc4 30. Qe2 Rxa4 31. Qf2 Qb6 32. Qg3 Bb4 33. Bxb4 Qxb4 34. Rd3 Rxd3 35.
Nxd3 Qh4 (35... Qc3 36. Qf3 $19) 36. Qe3 (36. Qf3 e4 37. Qe3 37... Bxf5 $19)
36... Bxf5 37. Rb1 h6 38. Nc5 Rd4 39. Qb3+ Rc4 (39... Kh7 40. Rf1 Rf4 41. Rxf4
Qxf4 42. Qa3 $19) 40. Nd3 $4 (40. g4 Kh7 41. Qxc4 Qxh3+ 42. Kg1 Qg3+ 43. Kf1
Qf3+ 44. Kg1 Qe3+ 45. Kf1 Qf3+ 46. Kg1 $11) 40... Kh7 $19 41. Ne1 (41. Kh2 Re4
42. Nc5 Qf4+ 43. Kh1 43... Re2 $19) 41... Re4 42. Qb7 (42. Nf3 Qf2 43. Ng1 $19)
42... Bxh3 $1 43. Nf3 (43. gxh3 Qxh3+) 43... Bxg2+ (43... Bxg2+ 44. Kg1 Bxf3
45. Qxg7+ Kxg7 46. Rb7+ Kg6 47. Rg7+ Kxg7 48. Kf1 Qe1#) 0-1

[Event "Bad Woerishofen op"]
[Site "Bad Woerishofen"]
[Date "2001.??.??"]
[Round "8"]
[White "Fabian, Laszlo"]
[Black "Voeller, Lothar"]
[Result "0-1"]
[WhiteElo "1800"]
[BlackElo "1650"]
[Annotator "ChessOrg"]
[PlyCount "134"]
[EventDate "1998.03.05"]
[Source "ChessBase"]
[SourceDate "1998.04.29"]

1. e4 {C84: Spanische Partie (Mittelgambit)} 1... e5 2. Nf3 Nc6 3. Nc3 Nf6 4.
Bb5 a6 5. Ba4 Be7 6. O-O O-O 7. Re1 b5 8. Bb3 8... Bc5 {letzter Buchzug} 9. h3
d6 10. a3 Nd4 11. Ba2 Bb6 12. d3 h6 13. Be3 c6 14. Nh2 Ne6 15. Qd2 Nh5 16. Ne2
Bd7 17. Ng4 (17. Nf3 Bxe3 18. Qxe3 18... Nef4 $11) 17... Bxe3 18. Qxe3 (18.
Nxe3 18... Qg5 $11) 18... Ng5 (18... Nef4 19. Nxf4 Nxf4 20. Qg3 $11) 19. f4 (
19. Nh2 $5 $11 $142) 19... exf4 $17 20. Nxf4 Bxg4 21. hxg4 Nf6 22. Qg3 Kh7 (
22... Re8 23. Rf1 $17) 23. Nh3 $11 23... Qb6+ 24. Kh2 Qc5 25. c3 Qe5 26. Nf4 (
26. Qxe5 Nxg4+ 27. Kg3 Nxe5 (27... dxe5 $2 28. Nxg5+ hxg5 29. Kxg4 $18) 28.
Nxg5+ 28... hxg5 $11) 26... Qe7 (26... Ne6 27. Rf1 Nxf4 28. Rxf4 $15) 27. Rad1
(27. Nh3 $5 $11) 27... Qd7 $17 28. e5 (28. Nh3 $5 $142 28... Nxg4+ 29. Kh1 $15)
28... Nxg4+ $19 29. Kg1 dxe5 (29... Nxe5 $142 30. d4 30... Ng6 $19) 30. Nh5 $2
(30. Nh3 $142 30... Rae8 31. Nxg5+ hxg5 32. d4 $19) 30... f5 $19 31. d4 exd4 (
31... Rad8 $5 $142 32. Bb3 $19) 32. Rxd4 Qa7 33. Kf1 Ne4 34. Qh3 (34. Qd3 $19
$142) 34... c5 35. Rd5 c4 36. Re2 Qf7 (36... Rad8 37. Nf4 Qb8 38. Ne6 Rxd5 39.
Nxf8+ Qxf8 40. Bb3 $19) 37. Rd4 (37. Nf4 g5 38. Bb1 gxf4 39. Rxf5 $17) 37...
Qxh5 $1 38. Qxh5 Ng3+ 39. Ke1 Nxh5 40. Bb1 Ngf6 (40... g6 $5 $142 41. Bc2 $19)
41. Bxf5+ Kh8 42. Bg6 Rad8 43. Red2 Rxd4 44. Rxd4 Ng3 45. a4 bxa4 (45... Nfh5
$5 $142 46. Rd6 Nf4 47. Kf2 Nfe2+ 48. Ke3 bxa4 49. Rxa6 $19) 46. Rxc4 Nd7 47.
Rxa4 Ne5 (47... Rf6 $5 48. Rd4 Rxg6 49. Rxd7 $19) 48. Rxa6 Nxg6 49. Rxg6 Rf1+ (
49... Re8+ 50. Kd1 Nf1 51. Ra6 $19) 50. Kd2 Rf2+ 51. Kd3 (51. Ke3 $5 $142 51...
Nh1 52. b4 $19) 51... Rxg2 52. b4 Kh7 (52... Kg8 53. Ra6 $19) 53. Rc6 Rb2 54.
Kc4 (54. Rb6 h5 55. Rb5 55... Kg6 $19) 54... h5 55. Re6 h4 56. Re3 g5 (56...
Rg2 57. Rd3 h3 58. Rd4 $19) 57. Kc5 (57. Rf3 g4 58. Rf4 h3 59. Rxg4 h2 60. Rh4+
60... Kg6 $19) 57... Nf5 (57... g4 $142 58. Re7+ Kh6 59. b5 $19) 58. Re5 Kg6
59. b5 (59. Re6+ Kh5 60. Re5 $19) 59... h3 60. b6 (60. Re6+ Kf7 61. Re1 $19)
60... h2 61. Re1 (61. Re6+ Kg7 62. Re1 62... g4 $19) 61... Ng3 (61... g4 $19
$142) 62. c4 (62. Kc6 h1=Q+ 63. Rxh1 63... Nxh1 $19) 62... h1=Q 63. Rxh1 Nxh1
64. Kc6 g4 65. Kc7 g3 66. c5 g2 67. c6 g1=Q (67... g1=Q 68. Kc8 Qxb6 69. Kd7
Rd2+ 70. Ke7 Qd8+ 71. Ke6 Qf6#) 0-1

[Event "Bad Woerishofen op"]
[Site "Bad Woerishofen"]
[Date "2001.??.??"]
[Round "2"]
[White "Farago, Ivan"]
[Black "Babar, Michael"]
[Result "1-0"]
[WhiteElo "2453"]
[BlackElo "2175"]
[Annotator "ChessOrg"]
[PlyCount "67"]
[EventDate "1998.03.05"]
[Source "ChessBase"]
[SourceDate "1998.04.29"]

1. d4 {A87: Hollaendische Verteidigung (Leningrader Variante)} 1... f5 2. c4 d6
3. Nf3 Nf6 4. g3 g6 5. Bg2 Bg7 6. O-O O-O 7. Nc3 Qe8 8. Nd5 Nxd5 9. cxd5 Qb5
10. Ng5 c6 11. a4 {letzter Buchzug} 11... Qb6 12. a5 Qxd4 13. Qb3 c5 14. Ne6
Qb4 (14... c4 $142 15. Nxd4 cxb3 16. Nxb3 16... Na6 $11) 15. Qxb4 $18 15...
cxb4 16. Bg5 (16. Nc7 $5 16... Na6 17. Nxa8 $16) 16... Bxb2 (16... Bxe6 $5 $142
17. dxe6 a6 (17... Bxb2 $2 18. Rab1 $18) 18. Bxe7 Re8 19. Bxd6 19... Nc6 $11 (
19... Rxe6 $2 20. Bd5 Kf7 21. Bxb4 $18)) 17. Rab1 $16 17... Bf6 18. Bxf6 exf6
19. Nc7 Na6 20. Nxa8 Bd7 21. Nb6 (21. Nc7 $1 21... Nxc7 22. Rxb4 $18) 21...
axb6 22. axb6 Bb5 23. Rfe1 Re8 24. Bf1 Re5 25. Rec1 Kg7 (25... Bxe2 $2 26. Rc8+
Kg7 27. Rc7+ Nxc7 28. bxc7 $18) 26. Rc8 Kf7 (26... Bxe2 $2 27. Rc7+ Nxc7 28.
bxc7 $18) 27. Rh8 27... Rxd5 $2 (27... Kg7 $142 28. Rd8 28... Kf7 $16) 28.
Rxh7+ $18 28... Ke6 29. Bg2 (29. Rxb7 29... Rc5 $18) 29... Bc6 (29... Bxe2 30.
Bxd5+ Kxd5 31. Rxb7 $18) 30. Bxd5+ Bxd5 31. f3 g5 (31... b3 32. Kf2 $18) 32. h4
b3 (32... f4 $18) 33. h5 Nc5 (33... g4 34. h6 gxf3 35. exf3 Bxf3 36. Rxb3 $18)
34. h6 (34. h6 g4 35. Rg7 $18) 1-0

[Event "Bad Woerishofen op"]
[Site "Bad Woerishofen"]
[Date "2001.??.??"]
[Round "4"]
[White "Farago, Ivan"]
[Black "Glek, Igor"]
[Result "1/2-1/2"]
[WhiteElo "2453"]
[BlackElo "2551"]
[Annotator "ChessOrg"]
[PlyCount "105"]
[EventDate "1998.03.05"]
[Source "ChessBase"]
[SourceDate "1998.04.29"]

1. d4 {A90: Hollaendische Verteidigung (Klassisches System, Stonewall und
Varianten mit Lb4)} 1... e6 2. c4 f5 3. g3 Nf6 4. Bg2 Bb4+ 5. Bd2 Bxd2+ 6. Qxd2
O-O 7. Nc3 d6 8. Nf3 Qe7 9. O-O c6 10. Rad1 {letzter Buchzug} 10... e5 11. dxe5
dxe5 12. e4 (12. Qd6 $5 12... Qxd6 13. Rxd6 $14) 12... fxe4 $15 13. Ng5 Bg4 14.
Qd6 Qxd6 15. Rxd6 Na6 16. h3 Bf5 17. g4 Bg6 18. Ngxe4 Bxe4 19. Nxe4 Nxe4 20.
Bxe4 Nc5 21. Re1 a5 22. Bg2 Rae8 23. Re3 Rf4 24. b3 Kf7 25. Rd2 g5 26. Rde2 Kf6
27. Be4 Nxe4 28. Rxe4 Rxe4 29. Rxe4 Rd8 30. Re2 Rd4 31. Kg2 e4 32. f3 Ke5 33.
Kg3 b5 34. cxb5 cxb5 35. h4 h6 36. hxg5 hxg5 37. fxe4 Rxe4 38. Rf2 Re3+ 39. Kg2
Ke6 40. Rd2 b4 41. Rf2 Kd5 42. Rf8 Re2+ 43. Kf3 Rxa2 44. Rf5+ (44. Ke3 $5 $15)
44... Kd4 $17 45. Rxg5 Ra3 46. Kf2 Rxb3 (46... Kc3 $5 $17) 47. Rxa5 $15 47...
Ra3 48. Rb5 b3 49. g5 Kc4 50. Rb7 Ra6 51. Kf3 Kc3 52. Kg4 (52. Rc7+ Kb4 53.
Rb7+ 53... Ka3 $19) 52... Ra4+ 53. Kh5 1/2-1/2

[Event "Bad Woerishofen op"]
[Site "Bad Woerishofen"]
[Date "2001.??.??"]
[Round "6"]
[White "Farago, Ivan"]
[Black "Braun, Peter"]
[Result "1-0"]
[WhiteElo "2453"]
[BlackElo "2258"]
[Annotator "ChessOrg"]
[PlyCount "69"]
[EventDate "1998.03.05"]
[Source "ChessBase"]
[SourceDate "1998.04.29"]

1. d4 {D87: Gruenfeld-Verteidigung (Hauptfortsetzung, Botwinnik-Variante)} 1...
Nf6 2. c4 g6 3. Nc3 d5 4. cxd5 Nxd5 5. e4 Nxc3 6. bxc3 Bg7 7. Bc4 O-O 8. Ne2 c5
9. O-O Nc6 10. Be3 Qc7 11. Rc1 Rd8 12. Qd2 Qa5 13. Rfd1 cxd4 14. cxd4 Qxd2 15.
Rxd2 Bd7 16. d5 Na5 17. Bd3 17... e6 {letzter Buchzug} 18. Bf4 Rdc8 19. Bc7 b6
20. Ba6 Re8 21. d6 (21. h3 $5 $16 $142) 21... Bh6 $15 22. f4 e5 23. Rd5 (23.
Re1 $5 $11) 23... exf4 $15 (23... Bxf4 $143 24. Rc3 $11) 24. Nc3 f3 25. Rc2
fxg2 26. Kxg2 f5 (26... Bg7 $5 $17) 27. Bb5 $15 27... Nc6 28. Bxc6 Bxc6 29. d7
Red8 30. Bxd8 Rxd8 31. Rd6 31... Bxd7 $2 (31... Bb7 $142 32. Kg3 32... fxe4 $14
) 32. Nd5 $18 32... Bg5 33. Rc7 33... Be6 $2 (33... Ba4 34. Rxd8+ 34... Bxd8
$18) 34. Rxe6 fxe4 35. Re5 (35. Re5 h6 36. Rxa7 $18) (35. Rxa7 35... b5 $18)
1-0

[Event "Bad Woerishofen op"]
[Site "Bad Woerishofen"]
[Date "2001.??.??"]
[Round "8"]
[White "Farago, Ivan"]
[Black "Gutman, Lev"]
[Result "1-0"]
[WhiteElo "2453"]
[BlackElo "2527"]
[Annotator "ChessOrg"]
[PlyCount "69"]
[EventDate "1998.03.05"]
[Source "ChessBase"]
[SourceDate "1998.04.29"]

1. d4 {D15: Damengambit (Slawische Verteidigung)} 1... Nf6 2. c4 c6 3. Nc3 d5
4. Nf3 Bg4 5. Ne5 5... e6 {letzter Buchzug} 6. h3 Bf5 7. g4 Bg6 8. h4 dxc4 (
8... Ne4 9. Qb3 Qc7 10. h5 dxc4 11. Nxc4 Nxc3 12. hxg6 $18 (12. bxc3 $6 12...
Be4 13. f3 13... Bd5 $11) (12. Qxc3 $6 12... Be4 13. f3 Qg3+ 14. Kd1 14... Bd5
$14)) 9. h5 $16 9... Be4 10. f3 (10. Nxe4 Nxe4 11. Bg2 Bb4+ 12. Kf1 12... Nd6
$11) 10... Bb4 11. Bg2 (11. a3 Bxc3+ 12. bxc3 12... Bd5 $16) 11... Bd5 (11...
c5 $5 12. fxe4 12... Qxd4 $14) 12. e4 $16 12... c5 (12... Qa5 13. Bd2 $16 (13.
exd5 $143 13... Bxc3+ 14. Kf1 Bxb2 (14... exd5 $143 15. bxc3 Qxc3 16. Rb1 $16)
(14... Nxd5 $6 15. bxc3 Qxc3 16. Rb1 $17) 15. dxc6 Qa6 (15... Bxa1 $2 16. cxb7
Qd5 17. f4 $18 (17. bxa8=Q $6 17... Qxa8 18. f4 Nd5 19. Qa4+ 19... Nc6 $18))
16. cxb7 Qxb7 17. Qa4+ 17... Kf8 $11)) 13. exd5 Nxd5 14. Bd2 (14. dxc5 Qa5 15.
Bd2 15... Qxc5 $16) 14... O-O $2 (14... cxd4 15. Nxd5 Bxd2+ 16. Qxd2 exd5 17.
Qxd4 Qa5+ 18. Kf1 $18) 15. O-O (15. dxc5 $5 $142 15... Na6 16. c6 bxc6 17. Qe2
$18 (17. Nxc6 $143 17... Qb6 $16)) 15... Nb6 (15... Bxc3 $5 16. bxc3 cxd4 17.
cxd4 17... b5 $14) 16. Be3 $16 16... Qe7 17. Qe2 cxd4 (17... Nd5 $5 18. Nxd5
18... exd5 $14) 18. Bxd4 $18 18... Bc5 19. Rad1 Rc8 (19... Nc6 20. Nxc6 bxc6
21. Qe5 Bxd4+ 22. Rxd4 $18) 20. Nxc4 Bxd4+ 21. Rxd4 Nc6 22. Re4 Nd7 23. Rd1 Nf6
24. Re3 Qc5 25. Nd6 (25. Nd2 25... Rd8 $18) 25... Rc7 (25... Rd8 26. Nde4 Rxd1+
27. Nxd1 Nxe4 28. fxe4 $16) 26. Nde4 Nxe4 27. Nxe4 (27. fxe4 $6 27... Ne5 28.
Na4 28... Qe7 $18) 27... Qb6 28. Qf2 Nd4 29. Nc3 Rd8 30. f4 Rcd7 31. Kh2 31...
Nc2 $4 (31... f6 $18) 32. Rxd7 (32. Qxc2 Qxe3 33. Rxd7 Qxf4+ (33... Rxd7 $4 34.
Nd5 Qxf4+ 35. Nxf4 $18) 34. Kh3 34... Rxd7 $15) 32... Rxd7 33. Re2 (33. Qxc2
$142 33... h6 34. Re5 $18) 33... Qxf2 34. Rxf2 Ne3 35. a4 $4 (35. a4 Nxg4+ 36.
Kg3 Nxf2 37. Kxf2 Rd2+ 38. Kf3 Rxb2 39. Nb5 $19) (35. Kg3 $18 $142) 1-0

[Event "Bad Woerishofen op"]
[Site "Bad Woerishofen"]
[Date "2001.??.??"]
[Round "2"]
[White "Federer, Hans-Joachim"]
[Black "Schaffarth, Marianne"]
[Result "1/2-1/2"]
[WhiteElo "2025"]
[BlackElo "1789"]
[Annotator "ChessOrg"]
[PlyCount "57"]
[EventDate "1998.03.05"]
[Source "ChessBase"]
[SourceDate "1998.04.29"]

1. c4 {A34: Englische Eroeffnung (Symmetrische Variante)} 1... Nf6 2. g3 g6 3.
Bg2 Bg7 4. Nf3 O-O 5. O-O d5 6. cxd5 Nxd5 7. Nc3 Nxc3 8. bxc3 c5 9. Rb1 9...
Qa5 {letzter Buchzug} 10. Qc2 Nc6 11. a4 c4 12. Rb5 Qa6 13. d3 cxd3 14. exd3
Bd7 15. Nd2 Nd8 16. Rb4 Rc8 17. Nc4 Bf5 18. Qd2 Nc6 19. Rb5 Rfd8 20. Nb2 Rc7
21. Re1 Rdc8 22. d4 e6 (22... Nd8 $5 23. Re3 23... Qd6 $11) 23. Bf1 $16 23...
e5 24. dxe5 Be6 25. Qf4 Na5 26. Rb4 (26. Rd1 $5 $16) 26... Qc6 $14 27. Bd2 Bf8
28. Rb5 Nb3 29. Be3 (29. Bg2 $142 29... Qd7 30. Be3 $14) 1/2-1/2

[Event "Bad Woerishofen op"]
[Site "Bad Woerishofen"]
[Date "2001.??.??"]
[Round "4"]
[White "Federer, Hans-Joachim"]
[Black "Seidel, Sandra"]
[Result "1/2-1/2"]
[WhiteElo "2025"]
[BlackElo "1800"]
[Annotator "ChessOrg"]
[PlyCount "64"]
[EventDate "1998.03.05"]
[Source "ChessBase"]
[SourceDate "1998.04.29"]

1. c4 {A37: Englische Eroeffnung (Symmetrische Variante)} 1... c5 2. Nf3 g6 3.
g3 b6 4. Bg2 Bb7 5. O-O Bg7 6. Nc3 Nc6 7. d3 Nf6 8. Bd2 O-O 9. a3 d5 10. cxd5
Nxd5 11. Rb1 {letzter Buchzug} 11... Rc8 12. Ne1 Nf6 13. b4 cxb4 14. axb4 Ba8
15. Qa4 Qd7 16. Nf3 Rfd8 17. Rfc1 e6 (17... Ng4 18. Ra1 $11) 18. Bg5 (18. b5
Nd4 19. Nxd4 Bxg2 20. Nxe6 Qxe6 21. Kxg2 21... Re8 $16) 18... h6 $11 19. Bf4
Nh5 20. Bd2 Nf6 (20... e5 21. Ra1 $11) 21. h3 (21. b5 21... Ne7 $14) 21... Bf8
(21... Nd4 22. Nxd4 Bxg2 23. Nxe6 $11) 22. Nd1 (22. b5 Nd4 23. Nxd4 Qxd4 24.
Qxa7 Bxg2 25. Kxg2 25... Nd5 $16) 22... Qe7 (22... Ne5 $1 23. Qxd7 Nxf3+ 24.
Bxf3 Nxd7 25. Bxa8 Rxc1 26. Rxc1 26... Rxa8 $11) 23. b5 $14 23... Nb8 24. Bb4
Qe8 25. Bxf8 Rxc1 26. Rxc1 Kxf8 27. Ne3 a5 28. Qa1 Nbd7 29. Rc7 Kg8 30. Qc3 (
30. Nc4 Nd5 31. Ra7 31... Nb4 $14) 30... Nd5 (30... e5 31. Ra7 $11) 31. Nxd5
Bxd5 32. e4 Ba8 1/2-1/2

[Event "Bad Woerishofen op"]
[Site "Bad Woerishofen"]
[Date "2001.??.??"]
[Round "6"]
[White "Federer, Hans-Joachim"]
[Black "Schmitt, Karl"]
[Result "1/2-1/2"]
[WhiteElo "2025"]
[BlackElo "1802"]
[Annotator "ChessOrg"]
[PlyCount "61"]
[EventDate "1998.03.05"]
[Source "ChessBase"]
[SourceDate "1998.04.29"]

1. c4 {A26: Englische Eroeffnung (Sizilianisch im Anzug)} 1... e5 2. g3 Nc6 3.
Bg2 g6 4. Nc3 Bg7 5. Nf3 d6 6. d3 Nf6 7. O-O O-O 8. Rb1 a5 9. a3 h6 10. b4 axb4
11. axb4 Be6 12. b5 Ne7 13. Bb2 Qd7 14. Nd2 {letzter Buchzug} 14... Rab8 15.
Re1 Bh3 16. Bh1 Qe6 17. Qc2 Nd7 (17... d5 18. Ra1 $11) 18. Ra1 $14 18... Kh7
19. Nd5 Rfc8 20. Nxe7 Qxe7 21. Ra7 c6 22. bxc6 bxc6 23. Rea1 Rb6 24. Ba3 e4 25.
Nxe4 Bxa1 26. Bxd6 Qe6 27. Rxa1 f5 28. c5 fxe4 29. cxb6 Qxd6 30. Bxe4 Nxb6 31.
Qb3 1/2-1/2

[Event "Bad Woerishofen op"]
[Site "Bad Woerishofen"]
[Date "2001.??.??"]
[Round "8"]
[White "Federer, Hans-Joachim"]
[Black "Ring, Gregor"]
[Result "1/2-1/2"]
[WhiteElo "2025"]
[BlackElo "1750"]
[Annotator "ChessOrg"]
[PlyCount "38"]
[EventDate "1998.03.05"]
[Source "ChessBase"]
[SourceDate "1998.04.29"]

1. e4 {B51: Sizilianisch (Rossolimo-Variante)} 1... c5 2. Nf3 d6 3. Bb5+ Nd7 4.
O-O a6 5. Be2 Ngf6 6. d3 g6 7. a4 {letzter Buchzug} 7... Bg7 8. Nbd2 O-O 9. c3
Qc7 10. Re1 Ng4 11. Nf1 Nge5 (11... b6 12. d4 $11) 12. Nxe5 (12. Ne3 12... b6
$14) 12... Nxe5 (12... dxe5 13. a5 $14) 13. Ne3 e6 14. f4 Nd7 15. Bf3 Rb8 16.
Qe2 b6 17. Bd2 Bb7 18. Rac1 Nf6 19. g4 Bc6 1/2-1/2

[Event "Bad Woerishofen op"]
[Site "Bad Woerishofen"]
[Date "2001.??.??"]
[Round "2"]
[White "Feicht, Roland"]
[Black "Hipp, Hermann"]
[Result "0-1"]
[WhiteElo "1490"]
[BlackElo "2034"]
[Annotator "ChessOrg"]
[PlyCount "46"]
[EventDate "1998.03.05"]
[Source "ChessBase"]
[SourceDate "1998.04.29"]

1. e4 {B12: Caro-Kann (Vorstoss-Variante)} 1... c6 2. d4 d5 3. e5 Bf5 4. Nc3 e6
5. g4 Bg6 6. Nge2 Be7 7. Nf4 c5 8. dxc5 8... Bxc5 {letzter Buchzug} 9. h4 Qc7
10. Qe2 Bb4 11. Bd2 d4 (11... a6 12. a3 Ba5 13. b4 $14) 12. Nb5 (12. Nxg6 dxc3
13. Nxh8 cxd2+ 14. Kd1 $16) 12... Bxd2+ $11 13. Qxd2 (13. Kxd2 $5 $142 13...
Qxc2+ 14. Ke1 $11) 13... Qxe5+ $17 14. Be2 Nc6 (14... Be4 15. Rh3 Nc6 16. Nh5
$17) 15. O-O-O (15. Nxg6 hxg6 16. f4 Qb8 17. Nxd4 17... Nf6 $11) 15... Rc8 (
15... Be4 $5 $142 16. f3 Bxf3 17. Bxf3 Qxb5 18. Bxc6+ Qxc6 (18... bxc6 $143 19.
Qxd4 Nf6 20. g5 $16) 19. Qxd4 19... Rc8 $11) 16. Nxg6 $14 16... hxg6 17. Nxd4
Nxd4 18. c3 $4 (18. Qxd4 $142 18... Qxd4 19. Rxd4 $14) 18... Nxe2+ $19 (18...
Qxe2 $6 19. Qxd4 Nf6 20. g5 $15) 19. Kb1 Nf6 20. Rhe1 Nxc3+ 21. bxc3 Qxc3 22.
Qd6 (22. g5 Qxd2 23. Rxd2 23... Nd7 $19) 22... Qc6 (22... Qc2+ $5 $142 23. Ka1
Rxh4 24. Qa3 Qxf2 25. Qb3 $19) 23. Qa3 (23. Qxc6+ bxc6 24. g5 Rb8+ 25. Ka1
25... Nd5 $19) 23... Qc2+ (23... Qc2+ 24. Ka1 24... Qxf2 $19 (24... Nxg4 $6 25.
Rc1 Rc3 26. Qxc3 Qxc3+ 27. Rxc3 Rxh4 28. f3 $19)) (23... Rxh4 $5 24. Ka1 $19)
0-1